01029nam a2200193Ia 4500001001000000003001000010008004100020040002500061041001300086100003200099245008600131250001100217260006600228300002700294500018300321501011400504520018300618650003400801L235-7648IT-CnALBA170116s9999||||xx |||||||||||||| ||und|| aIT-CnALBAcIT-CnALBA aITALIANO aS. M., PRETE DELLA MISSIONE 0aGLI ESERCIZI PREPARATORI ALLA COSACRAZIONE ALLA MADONNA E LA GIORNATA CON MARIA.  a2a ed. a ROMA, CASALE MONF.bPROPAGANDA MARIANA c1938 [1° Ed.:1935] a100 p. (prefazione: 3) aAUTOCONOSCENZA. DI MARIA. DI CRISTO. PREGHIERA. MEDITAZIONE LETTURA. ESERCIZI SPIRITUALI. RITIRO MENSILE. CON MARIA. CONFESSIONE LAVORO STUDIO PREGHIERE. RIPOSO. VITA CON MARIA.  aSocietà San Paolo EM - Piazza San Paolo, 14 - 12051 ALBA (CN) (non commercial uses only) ® Copyright 2017 aAUTOCONOSCENZA. DI MARIA. DI CRISTO. PREGHIERA. MEDITAZIONE LETTURA. ESERCIZI SPIRITUALI. RITIRO MENSILE. CON MARIA. CONFESSIONE LAVORO STUDIO PREGHIERE. RIPOSO. VITA CON MARIA.  aMARIA SS. ANGELI SANTI DEMONI